Výdavky neuznateľné pre daňové účely po 1. 1. 2000
Na daňové účely je možné v zmysle par. 24 ods. 1 zákona č. 366/1999 Z.z. uznať výdavky vynaložené na dosiahnutie, zabezpečenie a udržanie príjmov zaúčtované v účtovníctve daňovníka. Rozdelenie daňovo uznateľných výdavkov do troch kategórií. Špecifické výdavky (náklady), ktoré sa neuznávajú na daňové...
Gespeichert in:
| 1. Verfasser: | |
|---|---|
| Format: | Buchkapitel |
| Sprache: | Slowakisch |
| Schlagworte: | |
| Tags: |
Keine Tags, Fügen Sie das erste Tag hinzu!
|
MARC
| LEADER | 00000naa a2200000 4500 | ||
|---|---|---|---|
| 001 | r038372 | ||
| 005 | 20230919090829.5 | ||
| 041 | 0 | |a slo | |
| 044 | |a SK | ||
| 245 | 1 | 0 | |a Výdavky neuznateľné pre daňové účely po 1. 1. 2000 |c Marta Boráková |
| 520 | |a Na daňové účely je možné v zmysle par. 24 ods. 1 zákona č. 366/1999 Z.z. uznať výdavky vynaložené na dosiahnutie, zabezpečenie a udržanie príjmov zaúčtované v účtovníctve daňovníka. Rozdelenie daňovo uznateľných výdavkov do troch kategórií. Špecifické výdavky (náklady), ktoré sa neuznávajú na daňové účely. | ||
| 610 | 2 | 0 | |a náklady daňové |
| 610 | 2 | 0 | |a výdavky |
| 610 | 2 | 0 | |a úpravy právne |
| 610 | 2 | 0 | |a účtovníctvo |
| 610 | 2 | 0 | |a daňovníci |
| 100 | 1 | |a Boráková, Marta | |